000 00650nam a2200193Ia 4500
001 20357
003 GE_BSU
008 181216s||||||||xx |||||||||||||| ||und||
040 _cGE_BSU
245 _aРеферативный журнал. Экономика промышленности. №3. 2017
245 _cГл. ред. Ран П.А Минакир, и др.
260 _aМосква
260 _c2017
300 _a15 стр. 30см.
653 _aПериодика
653 _aРеферативный журнал. Экономика промышленности. №3. 2017
653 _aპერიოდიკა
942 _cCR
999 _c53316
_d53316